[Event "6th EICC"]
[Site "Warsaw POL"]
[Date "2005.06.25"]
[Round "7"]
[White "Kuzubov,Y"]
[Black "Tzermiadianos,And"]
[Result "1-0"]
[WhiteElo "2558"]
[BlackElo "2453"]
[EventDate "2005.06.18"]

1. d4 d5 2. c4 e6 3. Nf3 c6 4. Qc2 dxc4 5. Qxc4 Nf6 6. Bg5 b5 7. Qc2 Bb7 8.
Nbd2 Nbd7 9. a4 a6 10. e4 h6 11. Bxf6 Qxf6 12. Bd3 Bb4 13. O-O O-O 14. e5
Qd8 15. Be4 Qb6 16. Rfd1 c5 17. Nf1 Rac8 18. Bxb7 Qxb7 19. axb5 axb5 20.
Qb3 Nb6 21. dxc5 Bxc5 22. Qxb5 Qc6 23. Qxc6 Rxc6 24. Ra6 Rfc8 25. g3 Nd5
26. Rxc6 Rxc6 27. Kg2 Bb6 28. Rd2 g5 29. Re2 Kg7 30. Ne1 Bd4 31. Nd3 Rb6
32. Nd2 Rb5 33. Nc4 Rb3 34. Rd2 Ba7 35. Na5 Rb5 36. Nc6 Bb6 37. b4 Nc7 38.
Ne1 Na6 39. Nc2 Bc7 40. Rd7 Bxe5 41. Ra7 Nb8 42. Nd8 Kg6 43. Nxf7 Bf6 44.
Nd6 Rb6 45. Nc4 Rc6 46. N2e3 Bd4 47. Rb7 Rc8 48. b5 Rd8 49. Ng4 h5 50.
Nge5+ Kf5 51. Nc6 Nxc6 52. bxc6 1-0

[Event "6th EICC"]
[Site "Warsaw POL"]
[Date "2005.06.25"]
[Round "7"]
[White "Zelcic,R"]
[Black "Kempinski,R"]
[Result "1-0"]
[WhiteElo "2514"]
[BlackElo "2627"]
[EventDate "2005.06.18"]

1. e4 c5 2. Nf3 d6 3. d4 cxd4 4. Nxd4 Nf6 5. Nc3 a6 6. Be2 e6 7. O-O Be7 8.
f4 Qc7 9. Kh1 O-O 10. a4 Nc6 11. Be3 Re8 12. Bf3 Na5 13. Nde2 Rb8 14. Ba7
Ra8 15. Bf2 Nd7 16. Qe1 b6 17. e5 Bb7 18. exd6 Bxd6 19. Bxb7 Qxb7 20. Rd1
Bb4 21. Ng3 Rac8 22. Bd4 Nc6 23. Bxg7 Kxg7 24. Nh5+ Kf8 25. Qg3 Bxc3 26.
bxc3 Nd8 27. Rxd7 Qxd7 28. Qg7+ Ke7 29. Qg5+ f6 30. Qxf6+ Kd6 31. Rd1+ Kc6
32. Rxd7 Kxd7 33. Qg7+ Kc6 34. Nf6 Rc7 35. Qg4 Rf8 36. Qf3+ Kd6 37. Nxh7
Rf5 38. Ng5 Ra5 39. h4 Rxa4 40. h5 Ke7 41. h6 Nf7 42. Nxf7 1-0

[Event "6th EICC"]
[Site "Warsaw POL"]
[Date "2005.06.25"]
[Round "7"]
[White "Inarkiev,E"]
[Black "Mchedlishvili,M"]
[Result "1/2-1/2"]
[WhiteElo "2612"]
[BlackElo "2518"]
[EventDate "2005.06.18"]

1. Nf3 d5 2. d4 Nf6 3. c4 c6 4. e3 Bf5 5. Nc3 e6 6. Nh4 Be4 7. f3 Bg6 8.
Qb3 Qc7 9. Bd2 Be7 10. Nxg6 hxg6 11. g3 O-O 12. Bg2 Nbd7 13. cxd5 cxd5 14.
Rc1 Qb8 15. O-O a6 16. a4 Qa7 17. Rfd1 Rfc8 18. Bf1 Rc6 19. a5 Rac8 20. Na4
Ne8 21. Rxc6 Rxc6 22. Rc1 Nd6 23. Rc3 Qa8 24. Qc2 Qc8 25. Rxc6 bxc6 26. Bb4
Qb7 27. Ba3 Kf8 28. e4 Nb5 29. Bxe7+ Kxe7 30. Nc5 Qc7 31. exd5 exd5 32.
Bxb5 cxb5 33. Qe2+ Kd8 34. b4 Qc6 35. Kf2 Qf6 36. Qd2 g5 37. Kg2 Nxc5 38.
dxc5 Qe5 39. Kf2 Kd7 40. Kg1 f6 41. f4 Qf5 42. fxg5 fxg5 43. Qf2 Qe4 44. h3
Kc6 45. Qd2 Qb1+ 46. Kf2 Qf5+ 47. Kg2 Qe4+ 48. Kg1 Qb1+ 49. Kh2 Qe4 50. g4
Qe5+ 51. Kg2 Qe4+ 52. Kg3 Qe5+ 53. Kf3 Qe4+ 54. Kf2 Qe5 55. Kg2 Qe4+ 56.
Kg1 Qe5 57. Kg2 1/2-1/2

[Event "6th EICC"]
[Site "Warsaw POL"]
[Date "2005.06.25"]
[Round "7"]
[White "Ibrahimov,R"]
[Black "Korneev,O"]
[Result "0-1"]
[WhiteElo "2511"]
[BlackElo "2611"]
[EventDate "2005.06.18"]

1. Nf3 d5 2. d4 Nf6 3. c4 c6 4. Qc2 dxc4 5. Qxc4 Bf5 6. g3 e6 7. Bg2 Be7 8.
O-O O-O 9. Bg5 Nbd7 10. Nc3 h6 11. Bxf6 Bxf6 12. Rfd1 Bc2 13. Rd2 Nb6 14.
Qc5 Be7 15. Qa5 Bh7 16. e4 Nc4 17. Qxd8 Rfxd8 18. Re2 a5 19. b3 Nb6 20. a4
Kf8 21. Rd1 Rac8 22. Bf1 Nd7 23. Re3 Nf6 24. Ne5 Bb4 25. f3 Nd7 26. Nc4 e5
27. dxe5 Bc5 28. Kf2 Ra8 29. Ke2 Bxe3 30. Kxe3 Ke7 31. f4 f6 32. exf6+ gxf6
33. Rb1 Bg8 34. Be2 Rab8 35. Na3 Nc5 36. Bd1 Ra8 37. Bc2 Na6 38. Ne2 Nb4
39. Nd4 Be6 40. Bd1 c5 41. Nxe6 Rd3+ 42. Kf2 Kxe6 43. Be2 Rd2 44. Nc4 Ra2
45. Rd1 Nc6 46. Rd6+ Ke7 47. Ke3 Rd8 48. e5 Rxd6 49. Nxd6 fxe5 50. Nxb7
exf4+ 51. gxf4 Rc2 52. Bc4 Rxh2 53. Nxc5 h5 54. Ne4 Rh3+ 55. Kf2 Nd4 56.
Kg2 Re3 57. Bd5 h4 58. Kh2 Ne2 59. f5 Nf4 60. f6+ Kf8 61. Bc6 Kf7 62. Kg1
Rxb3 63. Bb5 Rb4 64. Nd6+ Kxf6 65. Nc4 Ne2+ 66. Kg2 Nd4 67. Nxa5 Nxb5 68.
axb5 Kg5 69. Nc6 Rb2+ 70. Kh3 Rb3+ 71. Kh2 Rxb5 72. Nd4 Rd5 0-1

[Event "6th EICC"]
[Site "Warsaw POL"]
[Date "2005.06.25"]
[Round "7"]
[White "Iordachescu,V"]
[Black "Smeets,J"]
[Result "1-0"]
[WhiteElo "2609"]
[BlackElo "2518"]
[EventDate "2005.06.18"]

1. e4 c5 2. Nf3 d6 3. d4 cxd4 4. Nxd4 Nf6 5. Nc3 a6 6. Be3 e6 7. Be2 Be7 8.
a4 Nc6 9. O-O O-O 10. f4 Qc7 11. Kh1 Re8 12. Bd3 Nxd4 13. Bxd4 e5 14. Bg1
exf4 15. Rxf4 d5 16. Qf3 Be6 17. exd5 Nxd5 18. Nxd5 Bxd5 19. Qh5 g6 20.
Qxd5 Qxf4 21. Rf1 Qd6 22. Qxf7+ Kh8 23. Re1 Rad8 24. Re6 Qd7 25. h3 1-0

[Event "6th EICC"]
[Site "Warsaw POL"]
[Date "2005.06.25"]
[Round "7"]
[White "Nalbandian,T"]
[Black "Petrosian,TL"]
[Result "1-0"]
[WhiteElo "2508"]
[BlackElo "2599"]
[EventDate "2005.06.18"]

1. d4 g6 2. e4 Bg7 3. c4 d6 4. Nc3 Nf6 5. Nf3 O-O 6. Be2 Bg4 7. Be3 Nfd7 8.
Ng1 Bxe2 9. Ngxe2 c5 10. d5 Ne5 11. b3 Qa5 12. Qd2 a6 13. Bg5 Re8 14. f4
Ned7 15. Rb1 b5 16. Nd1 Qxd2+ 17. Kxd2 Nb6 18. Ne3 e6 19. a4 exd5 20. exd5
N8d7 21. a5 Nc8 22. Rhe1 Na7 23. Ng3 b4 24. Kd3 h6 25. Bh4 Bc3 26. Rf1 Bd4
27. Nc2 f5 28. Nxd4 cxd4 29. Kxd4 Nc5 30. Rfe1 Nxb3+ 31. Kd3 Nc5+ 32. Kc2
b3+ 33. Kc3 Kf7 34. Nf1 g5 35. Bg3 Rac8 36. Nd2 Nb5+ 37. cxb5 Ne4+ 38. Kd3
Rc3+ 39. Kd4 Rec8 40. Rxb3 axb5 1-0

[Event "6th EICC"]
[Site "Warsaw POL"]
[Date "2005.06.25"]
[Round "7"]
[White "Minasian,Art"]
[Black "Bartel,Mat"]
[Result "0-1"]
[WhiteElo "2597"]
[BlackElo "2511"]
[EventDate "2005.06.18"]

1. Nf3 Nf6 2. g3 b5 3. Bg2 Bb7 4. O-O e6 5. d3 d5 6. e4 dxe4 7. Nfd2 Qc8 8.
Nxe4 Nxe4 9. dxe4 Nd7 10. a4 a6 11. Qe2 Bc6 12. Nd2 bxa4 13. e5 Bxg2 14.
Kxg2 Qb7+ 15. Kg1 Qb5 16. Qe4 O-O-O 17. Nc4 Bb4 18. Be3 Qd5 19. Qh4 Be7 20.
Qxe7 Qxc4 21. f4 h5 22. Ra3 h4 23. Rc3 Qe4 24. Bb6 h3 25. Kf2 Qg2+ 26. Ke1
Qe4+ 27. Kf2 Qg2+ 28. Ke1 Qe4+ 29. Be3 Rhe8 30. Qxf7 Qb4 31. Kf2 Qxb2 32.
Bd4 Qb7 33. Ke3 g5 34. f5 Qd5 35. Rd1 c6 36. Rcd3 Nxe5 37. Bxe5 Qxe5+ 38.
Kd2 Rxd3+ 39. cxd3 exf5 40. Rc1 Qb2+ 41. Rc2 Re2+ 42. Kxe2 Qxc2+ 43. Ke3
Qc5+ 44. Kd2 g4 45. Ke2 Kd8 46. Kf1 a3 0-1

[Event "6th EICC"]
[Site "Warsaw POL"]
[Date "2005.06.25"]
[Round "7"]
[White "Evdokimov,Alexa"]
[Black "Stocek,J"]
[Result "1/2-1/2"]
[WhiteElo "2503"]
[BlackElo "2585"]
[EventDate "2005.06.18"]

1. d4 Nf6 2. c4 e6 3. Nf3 Bb4+ 4. Bd2 a5 5. g3 d5 6. Bg2 O-O 7. O-O Nbd7 8.
Qc2 c6 9. c5 Bxd2 10. Nbxd2 b6 11. e4 bxc5 12. dxc5 Ba6 13. Rfe1 Qb8 14.
Rac1 Rc8 15. Bh3 Nf8 16. b3 Qc7 17. a3 Rd8 18. e5 N6d7 19. Nd4 Nxe5 20.
Rxe5 Qxe5 21. Nxc6 Qc7 22. Nxd8 Rxd8 23. b4 Rb8 24. Qc3 e5 25. c6 axb4 26.
axb4 Rb6 27. Bg2 Ne6 28. Nb3 e4 29. Bh3 Bb5 30. Bxe6 Rxc6 31. Qxc6 Bxc6 32.
Bxd5 e3 33. Bxc6 e2 34. b5 Qe5 35. Re1 Qb2 36. Bd5 Qc2 37. Bf3 Qxb3 38.
Bxe2 g6 39. Bf1 Kg7 40. Rc1 h5 41. h4 Qb4 42. Rc8 Qb1 43. Rb8 g5 44. hxg5
h4 45. gxh4 Qe4 46. Bg2 Qe1+ 47. Bf1 Qe4 48. b6 Qxh4 49. Bg2 Qd4 50. b7
Qd1+ 51. Bf1 Qg4+ 52. Bg2 Qd1+ 53. Bf1 Qg4+ 54. Bg2 1/2-1/2

[Event "6th EICC"]
[Site "Warsaw POL"]
[Date "2005.06.25"]
[Round "7"]
[White "Iljin,A"]
[Black "Socko,B"]
[Result "1/2-1/2"]
[WhiteElo "2484"]
[BlackElo "2583"]
[EventDate "2005.06.18"]

1. e4 e6 2. d3 c5 3. Nf3 Nc6 4. c3 d5 5. Qe2 Nf6 6. g3 Be7 7. Bg2 O-O 8.
O-O b5 9. Re1 a5 10. e5 Nd7 11. h4 b4 12. c4 Nb6 13. Bf4 Bb7 14. Nbd2 a4
15. Nf1 Qd7 16. Rad1 Rfd8 17. h5 b3 18. a3 dxc4 19. dxc4 Nd4 20. Nxd4 cxd4
21. Bxb7 Qxb7 22. Qd3 Rac8 23. Nd2 Nd7 24. Ne4 Nc5 25. Nxc5 Rxc5 26. Bd2 f6
27. exf6 Rxh5 28. f3 Bxf6 29. Rxe6 Be5 30. Bf4 Bxf4 31. gxf4 Qf7 32. Qe4
Rf5 33. Rxd4 Rxd4 34. Re8+ Qxe8 35. Qxe8+ Rf8 36. Qxa4 Rdxf4 37. Qxb3 Rxf3
38. Qd1 R3f5 39. b4 h6 40. c5 R8f6 41. b5 Rg6+ 42. Kh2 Rxc5 43. a4 Kh7 44.
Qe2 Rgg5 45. Qe4+ Rg6 46. Qe2 Rgg5 47. Qe4+ Rg6 48. Qe2 1/2-1/2

[Event "6th EICC"]
[Site "Warsaw POL"]
[Date "2005.06.25"]
[Round "7"]
[White "Czarnota,P"]
[Black "Erenburg,S"]
[Result "0-1"]
[WhiteElo "2478"]
[BlackElo "2575"]
[EventDate "2005.06.18"]

1. e4 c6 2. d4 d5 3. e5 Bf5 4. Be3 e6 5. Nd2 Nd7 6. Ngf3 Bg6 7. Be2 Nh6 8.
h4 f6 9. h5 Bf7 10. Bf4 Ng4 11. Rh4 fxe5 12. Bg5 Ngf6 13. Nxe5 Nxe5 14.
dxe5 h6 15. Bf4 Nd7 16. Rh3 Qb6 17. Nb3 O-O-O 18. a4 Qc7 19. Re3 c5 20. c3
Be7 21. Bg3 Nb8 22. Bg4 Rhe8 23. Kf1 Nc6 24. Kg1 Kb8 25. Rc1 Qb6 26. a5
Nxa5 27. Nxa5 Qxa5 28. c4 dxc4 29. Qe2 Qd2 30. Rxc4 Qxe2 31. Rxe2 Rd1+ 32.
Kh2 Red8 33. f4 R1d4 34. Rc1 Kc8 35. Kh3 Rd1 36. Rec2 Rxc1 37. Rxc1 Rd4 38.
Bf2 Rxf4 39. Bxc5 Bxc5 40. Rxc5+ Kd7 41. Bf3 Rb4 42. Rc2 Be8 43. Kg3 Kd8
44. Rd2+ Ke7 45. Rc2 Bd7 46. Kf2 a5 47. Ke3 a4 48. Kd2 Rb5 49. Rc7 Rxb2+
50. Kc1 Rb5 51. Rxb7 Rxe5 52. Kb2 Rb5+ 0-1

[Event "6th EICC"]
[Site "Warsaw POL"]
[Date "2005.06.25"]
[Round "7"]
[White "Bocharov,D"]
[Black "Kovacevic,B"]
[Result "1-0"]
[WhiteElo "2574"]
[BlackElo "2510"]
[EventDate "2005.06.18"]

1. d4 e6 2. c4 Bb4+ 3. Bd2 Bxd2+ 4. Qxd2 Nf6 5. Nf3 O-O 6. g3 d5 7. Bg2
Nbd7 8. O-O c6 9. Rc1 Re8 10. Na3 Qe7 11. Rc2 Ne4 12. Qe3 Nd6 13. Rac1 Nb6
14. Nd2 Nf5 15. Qd3 Rd8 16. e3 e5 17. c5 e4 18. Nxe4 dxe4 19. Bxe4 Nd5 20.
Bxf5 Nb4 21. Bxh7+ Kf8 22. Qb3 Nxc2 23. Bxc2 g6 24. Qc3 Qf6 25. Nc4 Bh3 26.
Ne5 Kg7 27. Bb3 Re8 28. e4 g5 29. Re1 Be6 30. Re3 Bxb3 31. axb3 Qe6 32. Nc4
f6 33. Nd6 Rh8 34. d5 Qh3 35. Rf3 Qxh2+ 36. Kf1 Rhf8 37. e5 cxd5 38. exf6+
Kh6 39. f7 Qh1+ 40. Ke2 Qb1 41. g4 d4 42. Qxd4 1-0

[Event "6th EICC"]
[Site "Warsaw POL"]
[Date "2005.06.25"]
[Round "7"]
[White "Azarov,S"]
[Black "Urban,K"]
[Result "1-0"]
[WhiteElo "2572"]
[BlackElo "2497"]
[EventDate "2005.06.18"]

1. e4 g6 2. d4 Bg7 3. Nf3 d6 4. Nc3 Nf6 5. Be2 O-O 6. O-O c5 7. d5 e6 8. h3
exd5 9. exd5 Na6 10. Bf4 Nc7 11. Re1 b6 12. a4 a6 13. Bc4 Rb8 14. Bf1 Bb7
15. Bg5 h6 16. Bh4 Qd7 17. Bxf6 Bxf6 18. Ne4 Bg7 19. c4 Rfd8 20. Qd2 b5 21.
axb5 axb5 22. Ra7 bxc4 23. Bxc4 Nb5 24. Ra5 Nc7 25. h4 h5 26. Ra7 Nb5 27.
Raa1 Nc7 28. Rad1 Ba6 29. b3 Bxc4 30. bxc4 Qf5 31. Neg5 Re8 32. Qa5 Qd7 33.
Qa7 Rxe1+ 34. Rxe1 Qd8 35. g3 Ra8 36. Qb7 Rb8 37. Qc6 Ne8 38. Kg2 Nf6 39.
Ra1 Rc8 40. Qb7 Rc7 41. Qb6 Nxd5 42. cxd5 Bxa1 43. Nxf7 Kxf7 44. Ng5+ Ke7
45. Ne6 Qd7 46. Nxc7 Bf6 47. Ne6 Kf7 48. Qb8 Qe7 49. Qc8 Qe8 50. Qc7+ Qe7
51. Qc6 Be5 52. f4 Bg7 53. Kf3 Bf8 54. Qc8 Bg7 55. Ng5+ Kf6 56. Qg8 Qd7 57.
Ne4+ Kf5 58. Qb8 Bd4 59. Qf8+ 1-0

[Event "6th EICC"]
[Site "Warsaw POL"]
[Date "2005.06.25"]
[Round "7"]
[White "Sergeev,Vl"]
[Black "Nevednichy,V"]
[Result "0-1"]
[WhiteElo "2458"]
[BlackElo "2566"]
[EventDate "2005.06.18"]

1. Nf3 g6 2. d4 Bg7 3. e4 d6 4. c3 Nc6 5. Bc4 Nf6 6. Nbd2 O-O 7. O-O e5 8.
dxe5 Nxe5 9. Nxe5 dxe5 10. Re1 Qe7 11. a4 a5 12. b3 Rd8 13. Qc2 Nh5 14. g3
Nf6 15. Ba3 Qe8 16. Bb5 Bd7 17. Bxd7 Rxd7 18. Nc4 Bf8 19. Bxf8 Kxf8 20.
Rad1 Rxd1 21. Rxd1 Kg7 22. Ne3 Qc6 23. Nd5 Rd8 24. Nxf6 Rxd1+ 25. Qxd1 Kxf6
26. Qd3 Ke7 27. h4 h5 28. Kf1 Qc5 29. Kg2 c6 30. Kg1 b5 31. Kg2 Ke6 32. Kf1
Qd6 33. Qe2 Qa3 34. axb5 Qxb3 35. bxc6 Kd6 36. Qd3+ Kxc6 37. Qa6+ Qb6 38.
Qc4+ Qc5 39. Qxf7 Qxc3 40. Qxg6+ Kc5 41. Qxh5 a4 42. Kg2 a3 43. Qf7 Qb2 44.
Qd5+ Kb4 45. h5 a2 46. Qd6+ Kc3 47. h6 a1=Q 48. Qc6+ Kd3 49. h7 Qb8 50. Qf6
Qaa8 51. Qf3+ Kd4 52. Qd1+ Kxe4 0-1

[Event "6th EICC"]
[Site "Warsaw POL"]
[Date "2005.06.25"]
[Round "7"]
[White "Halkias,S"]
[Black "Grabarczyk,M"]
[Result "1-0"]
[WhiteElo "2549"]
[BlackElo "2487"]
[EventDate "2005.06.18"]

1. d4 d5 2. c4 c6 3. Nc3 Nf6 4. Nf3 a6 5. c5 Nbd7 6. Bf4 Nh5 7. g3 g6 8.
Qd2 Nxf4 9. gxf4 Bg7 10. e3 Nf6 11. Bd3 Bf5 12. Bxf5 gxf5 13. Rg1 Rg8 14.
Ne5 e6 15. f3 Nd7 16. Rg3 Nf8 17. Na4 Ng6 18. Nb6 Bxe5 19. fxe5 Rb8 20.
O-O-O f6 21. h4 fxe5 22. h5 Ne7 23. Rxg8+ Nxg8 24. Qg2 Nh6 25. Qg7 Nf7 26.
Rg1 Ke7 27. dxe5 Ke8 28. Qxh7 Qc7 29. Rg7 1-0

[Event "6th EICC"]
[Site "Warsaw POL"]
[Date "2005.06.25"]
[Round "7"]
[White "Van der Weide,K"]
[Black "Aleksandrov,A"]
[Result "0-1"]
[WhiteElo "2472"]
[BlackElo "2635"]
[EventDate "2005.06.18"]

1. e4 e5 2. Nf3 Nc6 3. d4 exd4 4. Nxd4 Bc5 5. Be3 Qf6 6. c3 Nge7 7. Bc4 Ne5
8. Be2 Qg6 9. O-O d6 10. f3 O-O 11. Nd2 d5 12. Kh1 dxe4 13. fxe4 Bg4 14.
Bf4 Bxe2 15. Qxe2 Bd6 16. Nb5 N7c6 17. Nxd6 Qxd6 18. Nc4 Qe7 19. Ne3 f6 20.
Nf5 Qe8 21. Qb5 Rb8 22. Rad1 a6 23. Qb3+ Kh8 24. Nd4 Rf7 25. Ne6 Re7 26.
Nc5 Qc8 27. Qc2 b6 28. Nb3 Qe6 29. Rd5 Rbe8 30. Nd4 Nxd4 31. cxd4 c6 32.
Rxe5 fxe5 33. Bxe5 c5 34. Qf2 Kg8 35. Qg3 cxd4 36. Bxd4 0-1

[Event "6th EICC"]
[Site "Warsaw POL"]
[Date "2005.06.25"]
[Round "7"]
[White "Filippov,Va"]
[Black "Neubauer,M"]
[Result "1-0"]
[WhiteElo "2621"]
[BlackElo "2457"]
[EventDate "2005.06.18"]

1. c4 g6 2. Nc3 c5 3. Nf3 Bg7 4. d4 cxd4 5. Nxd4 Nc6 6. Nc2 Bxc3+ 7. bxc3
Qa5 8. Qd2 Nf6 9. f3 b6 10. e4 O-O 11. Nb4 Bb7 12. Nd5 Rac8 13. Nxf6+ exf6
14. Be2 Ne5 15. O-O Nxc4 16. Qxd7 Qc5+ 17. Kh1 Ne3 18. Rg1 Rc7 19. Qd3 Nc4
20. Qd4 Kg7 21. Bf4 Ne5 22. Rac1 Rfc8 23. Qd2 Qe7 24. Bh6+ Kg8 25. Be3 Nc4
26. Bxc4 Rxc4 27. Bd4 R4c6 28. g4 Re8 29. Rg3 Re6 30. Kg1 Qf8 31. h4 h6 32.
Kf2 Kh7 33. g5 Qd6 34. Rh1 h5 35. gxf6 Bxe4 36. fxe4 Rxe4 37. Rf3 Qe6 38.
Be3 Qc6 39. Rd1 Kg8 40. Rg1 Kh7 41. Rg5 Qe6 42. a3 a6 43. Qd3 b5 44. Qd2
Qb3 45. Qd5 Qc2+ 46. Kg3 R4e6 47. Rxh5+ gxh5 48. Qxh5+ Kg8 49. Qg5+ Qg6 50.
Qxg6+ 1-0

[Event "6th EICC"]
[Site "Warsaw POL"]
[Date "2005.06.25"]
[Round "7"]
[White "Khmelniker,I"]
[Black "Markus,R"]
[Result "1/2-1/2"]
[WhiteElo "2458"]
[BlackElo "2584"]
[EventDate "2005.06.18"]

1. d4 Nf6 2. c4 e6 3. Nf3 Bb4+ 4. Bd2 Qe7 5. g3 Nc6 6. Bg2 Bxd2+ 7. Nbxd2
d6 8. O-O O-O 9. e4 e5 10. d5 Nb8 11. Ne1 a5 12. Nd3 Na6 13. f4 Nd7 14. f5
Ndc5 15. f6 gxf6 16. Nxc5 Nxc5 17. Qh5 f5 18. exf5 f6 19. Ne4 Nxe4 20. Bxe4
Bd7 21. g4 Qg7 22. Rac1 Kh8 23. Rc3 Rg8 24. Rg3 h6 25. Kh1 Qg5 26. Qh3 Rg7
27. Qg2 Rag8 28. Qf2 Qh4 29. Bf3 Bxf5 30. Qe3 Bh7 31. Be2 Rf8 32. Rh3 Qg5
33. Qxg5 hxg5 34. Kg1 Kg8 35. Rc3 b6 36. a3 f5 37. gxf5 Rxf5 38. Rfc1 Rf4
39. b4 axb4 40. axb4 Bf5 41. c5 Rxb4 42. cxd6 cxd6 43. Rc6 Rd7 44. Rf1 Bg4
45. Ba6 Kg7 46. Bc8 Rf7 47. Rxf7+ Kxf7 48. Bxg4 Rxg4+ 49. Kf2 Rf4+ 50. Ke3
Rf6 51. Rxb6 Kg6 52. Rb8 Kh5 53. h3 Rh6 54. Rg8 Kh4 55. Rg7 Kh5 56. Rg8 Rf6
57. Rh8+ Kg6 58. Rg8+ Kf5 59. Rh8 Rf7 60. h4 gxh4 61. Rxh4 Rg7 62. Rh5+ Rg5
63. Rh6 Rg3+ 64. Ke2 Rg6 65. Rh4 e4 66. Ke3 Rg3+ 67. Kd4 Rd3+ 68. Kc4 Rd1
69. Rh6 e3 70. Re6 Kf4 71. Rf6+ Kg4 72. Re6 Kf3 73. Rf6+ Kg3 74. Re6 Kf2
75. Rf6+ Ke1 76. Rxd6 e2 77. Re6 Kf2 78. Kc5 Rc1+ 79. Kb6 Rb1+ 80. Kc7 Rc1+
81. Kb6 Rd1 1/2-1/2

[Event "6th EICC"]
[Site "Warsaw POL"]
[Date "2005.06.25"]
[Round "7"]
[White "Williams,Si"]
[Black "Anastasian,A"]
[Result "1-0"]
[WhiteElo "2466"]
[BlackElo "2574"]
[EventDate "2005.06.18"]

1. d4 Nf6 2. c4 e6 3. Nf3 b6 4. Nc3 Bb7 5. a3 d5 6. cxd5 exd5 7. g3 Nbd7 8.
Bg2 Be7 9. O-O O-O 10. b4 Re8 11. Bb2 Ne4 12. Nxe4 dxe4 13. Nd2 Bd6 14. Nc4
Nf6 15. Rc1 Bd5 16. Qc2 h5 17. Ne3 Qe7 18. Nxd5 Nxd5 19. Qb3 Nf6 20. f3 Rf8
21. Rc3 exf3 22. Rcxf3 Rae8 23. e4 Nxe4 24. Re3 Nd2 25. Rxe7 Nxb3 26. Rxe8
Rxe8 27. Bd5 Re3 28. Rxf7 Kh8 29. Rf5 g6 30. Rf2 a5 31. Bc6 Kh7 32. d5 Kh6
33. Rf7 Be5 34. Kf2 Re4 35. d6 Bxb2 36. dxc7 Bd4+ 37. Kg2 Re2+ 38. Kf1 Re6
39. c8=Q Nd2+ 40. Kg2 Re2+ 41. Kh3 Ne4 42. Qf8+ Kg5 43. Rf4 axb4 44. axb4
Nf2+ 45. Rxf2 Rxf2 46. Qd8+ Bf6 47. Qxb6 Rb2 48. Qe3+ Kf5 49. Qf4+ Ke6 50.
Qe4+ Kf7 51. b5 Kg7 52. Qd5 g5 53. g4 h4 54. Qd7+ Kg6 55. Qd6 Kg7 56. b6
Re2 57. b7 Be5 58. Qe7+ Kg6 59. Qe6+ Kg7 60. Qd7+ Kg6 61. Qe6+ Kg7 62.
Qxe5+ Rxe5 63. b8=Q Re6 64. Qb5 Kh6 65. Qf5 Rg6 66. Qf7 1-0

[Event "6th EICC"]
[Site "Warsaw POL"]
[Date "2005.06.25"]
[Round "7"]
[White "Chuchelov,V"]
[Black "Gaprindashvili,V"]
[Result "1/2-1/2"]
[WhiteElo "2571"]
[BlackElo "2415"]
[EventDate "2005.06.18"]

1. Nf3 d5 2. d4 Nf6 3. c4 e6 4. Nc3 Bb4 5. cxd5 exd5 6. Bg5 c5 7. dxc5 O-O
8. Rc1 Be6 9. e3 Nbd7 10. a3 Bxc5 11. Bb5 Be7 12. O-O Nc5 13. Bf4 Bd6 14.
Bg5 Be7 15. Be2 Nfe4 16. Bf4 Nxc3 17. Rxc3 Ne4 18. Rc1 Qb6 19. Be5 Rfc8 20.
Qa4 Bf6 21. Bxf6 Nxf6 22. Qd4 Qxd4 23. Nxd4 Kf8 24. f3 Ke7 25. Kf2 Rxc1 26.
Rxc1 Rc8 27. Rd1 g5 28. Bd3 h6 29. h4 Ne8 30. Rh1 Nd6 31. hxg5 hxg5 32. Rh6
Bd7 33. Rh7 Rg8 34. g4 Be8 35. Rh1 Bd7 36. f4 Ne8 37. Be2 Nf6 38. Bf3 a6
39. Rh6 gxf4 40. exf4 Bxg4 41. Bg2 Be6 42. Bf3 Bg4 43. b4 Bd7 44. Ke2
1/2-1/2

[Event "6th EICC"]
[Site "Warsaw POL"]
[Date "2005.06.25"]
[Round "7"]
[White "Grigoriants,S RUS"]
[Black "Lagowski,P"]
[Result "1/2-1/2"]
[WhiteElo "2553"]
[BlackElo "2393"]
[EventDate "2005.06.18"]

1. d4 d5 2. c4 c6 3. Nf3 e6 4. Qc2 Nf6 5. Bg5 Nbd7 6. cxd5 exd5 7. Nc3 Be7
8. e3 O-O 9. Bd3 h6 10. Bf4 Nh5 11. Be5 Nhf6 12. O-O-O Qa5 13. Kb1 Bb4 14.
Ne2 Nxe5 15. dxe5 Ne4 16. Bxe4 dxe4 17. Qxe4 Be6 18. Nc1 Bd5 19. Qf4 Be6
20. Qh4 Bf5+ 21. Ka1 c5 22. Qc4 Be6 23. Qc2 1/2-1/2

[Event "6th EICC"]
[Site "Warsaw POL"]
[Date "2005.06.25"]
[Round "7"]
[White "Dziuba,M"]
[Black "Hulak,K"]
[Result "1/2-1/2"]
[WhiteElo "2429"]
[BlackElo "2534"]
[EventDate "2005.06.18"]

1. d4 Nf6 2. c4 e6 3. Nf3 Bb4+ 4. Nbd2 b6 5. a3 Bxd2+ 6. Qxd2 Bb7 7. g3
Bxf3 8. exf3 d5 9. b3 O-O 10. Bb2 Nc6 11. Be2 Na5 12. Qe3 c5 13. O-O Rc8
14. Rfd1 cxd4 15. Bxd4 dxc4 16. bxc4 Qe7 17. Rac1 Nb7 18. f4 Nc5 19. Bf3
Nfd7 20. Rd2 Rfe8 21. Re1 Qf8 22. Ba1 Rc7 23. Red1 Qe7 24. Rd6 Nf8 25. h4
Rec8 26. h5 h6 27. Bg4 Nb7 28. R6d4 Na5 29. Qc3 f6 30. Be2 Rc5 31. a4 Qe8
32. Qc2 Qc6 33. Rc1 Nb7 34. Bc3 e5 35. fxe5 Rxe5 36. Rd3 Re7 37. Bf3 Qe8
38. Bd5+ Kh8 39. Rf3 Nh7 40. Qg6 Nc5 41. a5 Nb3 42. Rb1 Nxa5 43. Bxa5 bxa5
44. Qxe8+ Rexe8 45. Rb7 a6 46. Ra3 Rc5 47. Ra7 f5 48. Rxa6 Nf6 49. R3xa5
Rc7 50. Ra7 Ree7 51. Rxc7 Rxc7 52. Ra8+ Kh7 53. Be6 g6 54. hxg6+ Kxg6 55.
Ra5 f4 56. gxf4 Nh5 57. f5+ Kf6 58. Ra8 Nf4 59. Rf8+ Kg7 60. Re8 Kf6 61.
Bg8 Kxf5 62. Kh2 Rg7 63. Bd5 1/2-1/2

[Event "6th EICC"]
[Site "Warsaw POL"]
[Date "2005.06.25"]
[Round "7"]
[White "Bagheri,A"]
[Black "Guseinov,El"]
[Result "1/2-1/2"]
[WhiteElo "2518"]
[BlackElo "2391"]
[EventDate "2005.06.18"]

1. d4 Nf6 2. Nf3 g6 3. Bg5 Bg7 4. Nbd2 O-O 5. e4 d6 6. c3 c5 7. dxc5 dxc5
8. Be2 Nc6 9. O-O Qc7 10. Qc2 h6 11. Be3 b6 12. h3 Bb7 13. b4 cxb4 14. cxb4
Rac8 15. Qa4 Qb8 16. Rac1 Qa8 17. Qb3 e6 18. Bd3 Rfe8 19. b5 Nb8 20. Rxc8
Rxc8 21. Ne5 Nbd7 22. Nxd7 Nxd7 23. Qb1 Nc5 24. Bc2 Qb8 25. Re1 Rd8 26. Nc4
Qc7 27. e5 Nd7 28. Nd6 Nxe5 29. Nxb7 Qxb7 30. Bxh6 Nf3+ 31. gxf3 Bxh6 32.
Rd1 Qe7 33. Rxd8+ Qxd8 34. Be4 Bg7 35. Qd3 Qg5+ 36. Kf1 Be5 37. Qe3 Bf4 38.
Qd3 Qc5 39. Bxg6 Qc1+ 40. Kg2 fxg6 41. Qxg6+ Kf8 42. Qf6+ Ke8 43. Qxe6+ Kd8
44. h4 Qc7 45. h5 Qe5 46. Qf7 Qg5+ 47. Kh3 Bd6 48. a4 Be7 49. f4 Qh4+ 50.
Kg2 Bc5 51. Qd5+ Ke8 52. Qg8+ Ke7 53. Qg5+ Qxg5+ 54. fxg5 Ke6 55. h6 Kf5
56. f4 Be3 57. h7 Bd4 58. Kf3 Bb2 59. Ke3 Ba1 60. Kf3 Bd4 61. Kg3 Bg7 62.
Kf3 Bh8 63. Kg3 Bb2 64. Kf3 Bc3 65. Kg3 Kg6 66. Kg4 Kxh7 67. f5 Bd2 68. Kh4
Kg7 69. Kh5 Bc1 70. Kg4 1/2-1/2

[Event "6th EICC"]
[Site "Warsaw POL"]
[Date "2005.06.25"]
[Round "7"]
[White "Bakalarz,M"]
[Black "Khairullin,I"]
[Result "1/2-1/2"]
[WhiteElo "2408"]
[BlackElo "2517"]
[EventDate "2005.06.18"]

1. d4 Nf6 2. c4 g6 3. Nc3 Bg7 4. Nf3 O-O 5. Bf4 d6 6. h3 b6 7. e3 Bb7 8.
Be2 Nbd7 9. O-O Re8 10. Bh2 e5 11. Qc2 Qe7 12. b4 exd4 13. Nxd4 Ne4 14. Nd5
Bxd5 15. cxd5 Nxf2 16. Rxf2 Qxe3 17. Nb3 Bxa1 18. Nxa1 Nf6 19. Bf4 Qe4 20.
Bb5 Qxc2 21. Nxc2 Nxd5 22. Bc6 Nc3 23. Ne3 Rad8 24. Rc2 Ne4 25. Nd5 Re6 26.
Nxc7 Re7 27. Nd5 Re6 28. Nc7 1/2-1/2

[Event "6th EICC"]
[Site "Warsaw POL"]
[Date "2005.06.25"]
[Round "7"]
[White "L'Ami,E"]
[Black "Babujian,L"]
[Result "1-0"]
[WhiteElo "2515"]
[BlackElo "2386"]
[EventDate "2005.06.18"]

1. d4 Nf6 2. c4 g6 3. Nc3 d5 4. Nf3 Bg7 5. Bg5 Ne4 6. cxd5 Nxg5 7. Nxg5 c6
8. Nf3 cxd5 9. Qb3 e6 10. e3 Nc6 11. Bb5 O-O 12. O-O Qd6 13. Bxc6 bxc6 14.
Na4 Ba6 15. Rfe1 Rab8 16. Qc3 Rfe8 17. Rac1 e5 18. dxe5 Bxe5 19. Nxe5 Rxe5
20. Nc5 Bc8 21. Nd3 Re7 22. b3 Bf5 23. Qc5 Qxc5 24. Nxc5 g5 25. Red1 Kg7
26. Rd4 Kf6 27. b4 Ke5 28. Nb3 Kd6 29. a3 f6 30. Rdd1 Bd7 31. Rc3 f5 32. f3
Rbe8 33. Kf2 f4 34. e4 Re5 35. h3 h5 36. Nc5 Bc8 37. Nd3 R5e7 38. h4 gxh4
39. Nxf4 Rf7 40. Ke3 Bd7 41. b5 Rf5 42. bxc6 Bxc6 43. Nxd5 Bxd5 44. Rcd3
Kc6 45. Rxd5 Rf6 46. Rxh5 Rg6 47. Rd2 Rb8 48. Rxh4 a5 49. a4 Rb4 50. Ra2
Rb3+ 51. Kf4 Rf6+ 52. Kg3 Rg6+ 53. Rg4 Re6 54. Kf4 Rf6+ 55. Ke5 Rh6 56. f4
Rc3 57. f5 Rh8 58. Rg6+ Kc5 59. Rb2 Rc8 60. f6 Re8+ 61. Kf5 Kd4 62. Rd2+
Ke3 63. Rd5 Rc4 64. f7 Rf8 65. Rf6 Rxa4 66. e5 Ra2 67. e6 Rf2+ 68. Ke5 Rxg2
69. e7 1-0

[Event "6th EICC"]
[Site "Warsaw POL"]
[Date "2005.06.25"]
[Round "7"]
[White "Michalczak,T"]
[Black "Mamedov,Rau"]
[Result "1/2-1/2"]
[WhiteElo "2369"]
[BlackElo "2511"]
[EventDate "2005.06.18"]

1. e4 c5 2. c3 d6 3. d4 Nf6 4. Bd3 cxd4 5. cxd4 g6 6. Nc3 Bg7 7. h3 O-O 8.
Nf3 Nc6 9. O-O e5 10. dxe5 dxe5 11. Be3 Qe7 12. Bg5 Be6 13. Nd5 Bxd5 14.
exd5 Nb4 15. Bc4 Qd6 16. Re1 Rfe8 17. Qb3 Rab8 1/2-1/2